000 00304nam a22001337a 4500
020 _a978-0070494848
041 _aENG
100 _aSarkar .B.K
245 _aStrength Of Materials Through Problems
260 _aDelhi
_bAllied Publishers Limited
_c1997
300 _a595
650 _aFS
856 _uFS
999 _c788
_d788